LEADER 01387nam1 22003733i 450 001 MIL0531459 005 20251003044234.0 010 $a1402000758 100 $a20100326d2001 ||||0itac50 ba 101 | $aeng 102 $anl 181 1$6z01$ai $bxxxe 182 1$6z01$an 200 1 $aTheory of stochastic canonical equations$fby Vyacheslav L. Girko 210 $aDordrecht [etc.]$cKluwer$d2001 215 $a 2 volumi$d25 cm. 225 | $aMathematics and its applications$v535 410 0$1001MIL0073216$12001 $aMathematics and its applications$v535 463 1$1001MIL0531462$12000 $aVol. 1$fby Vyacheslav L. Girko$v1 463 1$1001MIL0531465$12000 $aVol. 2$fby Vyacheslav L. Girko$v2 606 $aMatrici algebriche$2FIR$3UBSC001536$9N 676 $a512.9$9FONDAMENTI DELL'ALGEBRA$v14 676 $a512.9434$9FONDAMENTI DELL'ALGEBRA. MATRICI$v22 696 $aMatrici 699 $aMatrici algebriche$zMatrici 700 1$aGirko$b, Vi?a?cheslav Leonidovich$3RMSV000051$4070$0770604 801 3$aIT$bIT-000000$c20100326 850 $aIT-BN0095 901 $bNAP 01$cSALA DING $n$ 912 $aMIL0531459 950 1$aBiblioteca Centralizzata di Ateneo$cv. 1-2$d 01SALA DING 512.9 GIR.th 977 $a 01 996 $aTheory of stochastic canonical equations$91572487 997 $aUNISANNIO